[Event "NB2 Erkel csoport"]
[Site "Budapest"]
[Date "2024.12.15"]
[Round "4.6"]
[White "Pammer, Gabor"]
[Black "Veres, Istvan"]
[Result "1/2-1/2"]
[WhiteElo "2032"]
[BlackElo "1984"]
[PlyCount "54"]
[GameId "2123409951367864"]
[EventDate "2024.11.03"]
[EventType "team-tourn"]
[EventRounds "11"]
[EventCountry "HUN"]
[Source "chess.hu"]
[WhiteTeam "EUTender-Sinus-SDSE"]
[BlackTeam "Vaci SC"]
[WhiteTeamCountry "HUN"]
[BlackTeamCountry "HUN"]

1. e4 c5 2. Nf3 Nc6 3. Bb5 Qc7 4. O-O e6 5. Re1 Nge7 6. c3 a6 7. Bxc6 Nxc6 8. d4 Be7 9. d5 Ne5 10. Nxe5 Qxe5 11. c4 d6 12. Nc3 O-O 13. Be3 Qf6 14. e5 Qg6 15. exd6 Bxd6 16. dxe6 Rd8 17. exf7+ Qxf7 18. Nd5 Be6 19. Qf3 Qxf3 20. gxf3 Bxd5 21. cxd5 b6 22. Bg5 Re8 23. Re6 Rxe6 24. dxe6 Re8 25. Re1 h6 26. Bd2 Kf8 27. f4 Ke7 1/2-1/2

[Event "NB2 Erkel csoport"]
[Site "Budapest"]
[Date "2024.12.15"]
[Round "4.7"]
[White "Nemeth, Laszlo"]
[Black "Nadasi, Balazs"]
[Result "0-1"]
[WhiteElo "2003"]
[BlackElo "2110"]
[PlyCount "80"]
[GameId "2123410092565192"]
[EventDate "2024.11.03"]
[EventType "team-tourn"]
[EventRounds "11"]
[EventCountry "HUN"]
[Source "chess.hu"]
[WhiteTeam "Vaci SC"]
[BlackTeam "EUTender-Sinus-SDSE"]
[WhiteTeamCountry "HUN"]
[BlackTeamCountry "HUN"]

1. b4 Nf6 2. Bb2 e6 3. a3 d5 4. Nf3 Bd6 5. e3 O-O 6. c4 c6 7. Qc2 Re8 8. d4 Nbd7 9. Nbd2 e5 10. dxe5 Nxe5 11. Bxe5 Bxe5 12. Nxe5 Rxe5 13. Nf3 Re8 14. Rd1 a5 15. Be2 Qe7 16. c5 axb4 17. axb4 Bg4 18. O-O Bxf3 19. Bxf3 Qe5 20. Rd4 h5 21. g3 Ra3 22. Qd2 Rea8 23. Rc1 Ra2 24. Rc2 Ra1+ 25. Kg2 g5 26. h3 Kg7 27. Rc1 Rxc1 28. Qxc1 Qf5 29. Qd1 Ra2 30. g4 hxg4 31. hxg4 Qe5 32. Qd3 Ra8 33. e4 dxe4 34. Bxe4 Nxg4 35. Kf1 Ra1+ 36. Ke2 Ra2+ 37. Ke1 Nxf2 38. Qe3 Nxe4 39. Qxe4 Qg3+ 40. Kd1 Qg1+ 0-1

[Event "NB2 Erkel csoport"]
[Site "Budapest"]
[Date "2024.12.15"]
[Round "4.8"]
[White "Szabo, A. Martin"]
[Black "Kiss, Pal Vac"]
[Result "1-0"]
[WhiteElo "1947"]
[BlackElo "1946"]
[PlyCount "55"]
[GameId "2123410132333272"]
[EventDate "2024.11.03"]
[EventType "team-tourn"]
[EventRounds "11"]
[EventCountry "HUN"]
[Source "chess.hu"]
[WhiteTeam "EUTender-Sinus-SDSE"]
[BlackTeam "Vaci SC"]
[WhiteTeamCountry "HUN"]
[BlackTeamCountry "HUN"]

1. d4 d5 2. Bf4 Nc6 3. e3 Nf6 4. c4 e6 5. Nc3 Bb4 6. Nf3 Ne4 7. Qc2 g5 8. Bg3 h5 9. h4 Bxc3+ 10. bxc3 Nxg3 11. fxg3 g4 12. Ng5 Rh6 13. Bd3 dxc4 14. Bxc4 Qd6 15. O-O f6 16. Ne4 Qe7 17. Qf2 f5 18. Nc5 Na5 19. Bd3 b6 20. Nb3 Nxb3 21. axb3 Bb7 22. Qf4 Rh8 23. e4 fxe4 24. Bxe4 Bxe4 25. Qxe4 Kd7 26. d5 Qc5+ 27. Kh2 exd5 28. Rad1 1-0

[Event "NB2 Erkel csoport"]
[Site "Budapest"]
[Date "2024.12.15"]
[Round "4.9"]
[White "Harkai, Emma"]
[Black "Giles, Benjamin"]
[Result "0-1"]
[WhiteElo "1917"]
[BlackElo "1919"]
[PlyCount "102"]
[GameId "2123410174178024"]
[EventDate "2024.11.03"]
[EventType "team-tourn"]
[EventRounds "11"]
[EventCountry "HUN"]
[Source "chess.hu"]
[WhiteTeam "Vaci SC"]
[BlackTeam "EUTender-Sinus-SDSE"]
[WhiteTeamCountry "HUN"]
[BlackTeamCountry "HUN"]

1. e4 d5 2. exd5 Nf6 3. d4 Nxd5 4. Nf3 g6 5. Be2 Bg7 6. O-O O-O 7. c4 Nb6 8. Nc3 Nc6 9. Be3 Bg4 10. d5 Bxf3 11. Bxf3 Ne5 12. Bxb6 Nxf3+ 13. Qxf3 axb6 14. Rfe1 Qd6 15. a3 Qc5 16. Qd3 e6 17. dxe6 fxe6 18. Ne4 Qd4 19. Qxd4 Bxd4 20. Re2 Rf4 21. Ng5 e5 22. Nf3 Raf8 23. Rf1 R4f5 24. b3 c6 25. a4 Kg7 26. Nd2 Rd8 27. Ne4 Rd7 28. Rd1 Rf4 29. Rde1 Rdf7 30. Rf1 h6 31. Nd6 Rd7 32. Ne4 g5 33. Rfe1 Kg6 34. Rf1 h5 35. Kh1 g4 36. Rd1 h4 37. Rd3 Rdf7 38. Rdd2 h3 39. Rc2 hxg2+ 40. Kxg2 Rf3 41. b4 Rh7 42. Ng3 Rb3 43. Re4 Kg5 44. Ne2 Rbh3 45. Nxd4 Rxh2+ 46. Kg1 exd4 47. Rxd4 Rh1+ 48. Kg2 R7h2+ 49. Kg3 Rh3+ 50. Kg2 Kh4 51. Rd7 R3h2# 0-1

[Event "NB2 Erkel csoport"]
[Site "Budapest"]
[Date "2024.12.15"]
[Round "4.10"]
[White "Sass, Oscar"]
[Black "Kovolgyi, Krisztian"]
[Result "1-0"]
[WhiteElo "1951"]
[BlackElo "1831"]
[PlyCount "51"]
[GameId "2123410220012280"]
[EventDate "2024.11.03"]
[EventType "team-tourn"]
[EventRounds "11"]
[EventCountry "HUN"]
[Source "chess.hu"]
[WhiteTeam "EUTender-Sinus-SDSE"]
[BlackTeam "Vaci SC"]
[WhiteTeamCountry "HUN"]
[BlackTeamCountry "HUN"]

1. d4 d5 2. Nf3 Bf5 3. g3 Nf6 4. Bg2 e6 5. c4 c6 6. Nc3 Bd6 7. Qb3 Qc8 8. O-O O-O 9. Nh4 Bg6 10. Nxg6 hxg6 11. Bg5 Nbd7 12. Rac1 Qb8 13. Rfd1 a6 14. cxd5 exd5 15. f3 Qa7 16. Kh1 Nh7 17. Be3 Rfe8 18. Bg1 Rab8 19. e4 dxe4 20. fxe4 Bf8 21. Rf1 Re7 22. d5 c5 23. d6 Re6 24. Bh3 Rxd6 25. Qxf7+ Kh8 26. Bxd7 1-0

[Event "NB2 Erkel csoport"]
[Site "Budapest"]
[Date "2024.12.15"]
[Round "4.12"]
[White "Koczian, Benedek"]
[Black "Toth, Marton"]
[Result "1-0"]
[WhiteElo "1642"]
[BlackElo "1568"]
[PlyCount "123"]
[GameId "2123410321847066"]
[EventDate "2024.11.03"]
[EventType "team-tourn"]
[EventRounds "11"]
[EventCountry "HUN"]
[Source "chess.hu"]
[WhiteTeam "EUTender-Sinus-SDSE"]
[BlackTeam "Vaci SC"]
[WhiteTeamCountry "HUN"]
[BlackTeamCountry "HUN"]

1. e4 c5 2. Nf3 d6 3. d4 cxd4 4. Nxd4 Nf6 5. Nc3 a6 6. Be2 e6 7. Be3 Nbd7 8. Qd2 b5 9. f3 Bb7 10. O-O Be7 11. Bf2 O-O 12. Rac1 Rc8 13. a3 d5 14. exd5 Nxd5 15. Nxd5 Bxd5 16. Nb3 Bf6 17. Bd4 Bxd4+ 18. Qxd4 Qb6 19. Qxb6 Nxb6 20. Nd2 Nc4 21. Nxc4 Bxc4 22. Bxc4 Rxc4 23. Rfd1 h6 24. Rd6 Rfc8 25. c3 R8c6 26. Rxc6 Rxc6 27. Rd1 Kh7 28. Kf2 Kg6 29. Ke3 Kf6 30. Rd4 Ke7 31. Ke4 f6 32. Ke3 Rc5 33. Kd2 Re5 34. a4 Rd5 35. Rxd5 exd5 36. axb5 axb5 37. Kd3 Ke6 38. Kd4 Kd6 39. b3 g6 40. g3 g5 41. c4 dxc4 42. bxc4 bxc4 43. Kxc4 h5 44. Kd4 f5 45. h3 Ke6 46. h4 Kf6 47. f4 gxf4 48. gxf4 Ke6 49. Kc5 Kf7 50. Kd5 Kg7 51. Ke5 Kg6 52. Ke6 Kg7 53. Kxf5 Kf7 54. Kg5 Kg7 55. Kxh5 Kf6 56. Kh6 Kf5 57. Kg7 Kg4 58. f5 Kxf5 59. h5 Kg5 60. h6 Kh5 61. h7 Kg5 62. h8=Q 1-0

[Event "NB2 Erkel csoport"]
[Site "Fot"]
[Date "2024.12.15"]
[Round "4.1"]
[White "Reviczki, Roland"]
[Black "Gubics, Peter"]
[Result "1-0"]
[WhiteElo "2249"]
[BlackElo "2015"]
[PlyCount "73"]
[GameId "2123715765350121"]
[EventDate "2024.11.03"]
[EventType "team-tourn"]
[EventRounds "11"]
[EventCountry "HUN"]
[Source "chess.hu"]
[WhiteTeam "TFSE"]
[BlackTeam "Fot SE-LearningChess"]
[WhiteTeamCountry "HUN"]
[BlackTeamCountry "HUN"]

1. e4 e6 2. d4 d5 3. Nc3 Nf6 4. e5 Nfd7 5. f4 c5 6. Nf3 Nc6 7. Be3 cxd4 8. Nxd4 Bc5 9. Qd2 O-O 10. O-O-O a6 11. Nb3 Bxe3 12. Qxe3 b5 13. Bd3 b4 14. Ne2 a5 15. Qh3 g6 16. Nbd4 Qb6 17. Nxc6 Qxc6 18. Kb1 Ba6 19. Nd4 Qb6 20. Qh6 Qxd4 21. Bxa6 Qc5 22. Bd3 Rfb8 23. h4 Qf8 24. Qg5 Qd8 25. Qg3 Nc5 26. h5 Nxd3 27. Rxd3 a4 28. Qh3 Qe7 29. Rg3 Rb6 30. hxg6 fxg6 31. Rxg6+ Kh8 32. f5 b3 33. f6 bxa2+ 34. Ka1 a3 35. b3 Rxb3 36. fxe7 Rxh3 37. Rxh3 1-0

[Event "NB2 Erkel csoport"]
[Site "Fot"]
[Date "2024.12.15"]
[Round "4.2"]
[White "Bokros, Istvan"]
[Black "Laszlo, Csaba"]
[Result "1/2-1/2"]
[WhiteElo "1964"]
[BlackElo "2088"]
[PlyCount "91"]
[GameId "2123715840782073"]
[EventDate "2024.11.03"]
[EventType "team-tourn"]
[EventRounds "11"]
[EventCountry "HUN"]
[Source "chess.hu"]
[WhiteTeam "Fot SE-LearningChess"]
[BlackTeam "TFSE"]
[WhiteTeamCountry "HUN"]
[BlackTeamCountry "HUN"]

1. e4 c5 2. Nf3 Nc6 3. d4 cxd4 4. Nxd4 g6 5. c4 Bg7 6. Be3 Nf6 7. Nc3 d6 8. Be2 O-O 9. O-O Bd7 10. h3 Nxd4 11. Bxd4 Bc6 12. Qc2 a5 13. Rfd1 Nd7 14. Be3 Qc7 15. Rac1 Nc5 16. Nd5 Bxd5 17. cxd5 b6 18. a3 a4 19. Bb5 Qa7 20. Bc6 Rab8 21. Rb1 Nb3 22. Rd3 Rfc8 23. Qc4 Na5 24. Qb5 Nxc6 25. dxc6 Qa5 26. Qxa5 bxa5 27. Bd4 Rxc6 28. Bxg7 Kxg7 29. Rd4 Rc2 30. Rxa4 Rbxb2 31. Rxb2 Rxb2 32. Rxa5 Kf6 33. Kf1 e5 34. h4 Ke6 35. g3 h5 36. Ra8 Ra2 37. Re8+ Kd7 38. Rf8 Ke7 39. Ra8 f5 40. f3 f4 41. gxf4 exf4 42. Kg1 Kf6 43. Ra5 Ke6 44. a4 Kf6 45. Rd5 Ke6 46. Ra5 1/2-1/2

[Event "NB2 Erkel csoport"]
[Site "Fot"]
[Date "2024.12.15"]
[Round "4.3"]
[White "Gyorfi, Adam"]
[Black "Piroska, Istvan"]
[Result "1-0"]
[WhiteElo "2091"]
[BlackElo "1939"]
[PlyCount "53"]
[GameId "2123715876560649"]
[EventDate "2024.11.03"]
[EventType "team-tourn"]
[EventRounds "11"]
[EventCountry "HUN"]
[Source "chess.hu"]
[WhiteTeam "TFSE"]
[BlackTeam "Fot SE-LearningChess"]
[WhiteTeamCountry "HUN"]
[BlackTeamCountry "HUN"]

1. d4 Nf6 2. c4 g6 3. Nc3 Bg7 4. e4 d6 5. f3 O-O 6. Be3 e5 7. Nge2 Nc6 8. d5 Ne7 9. Qd2 a6 10. g4 Ne8 11. h4 f5 12. g5 f4 13. Bf2 Bd7 14. Nc1 c6 15. Nb3 Nc8 16. c5 a5 17. dxc6 bxc6 18. Bc4+ Kh8 19. O-O-O a4 20. h5 gxh5 21. Rxh5 axb3 22. Rdh1 h6 23. Bxb3 Nc7 24. Bg1 Be6 25. Qh2 Bxb3 26. Rxh6+ Kg8 27. g6 1-0

[Event "NB2 Erkel csoport"]
[Site "Fot"]
[Date "2024.12.15"]
[Round "4.4"]
[White "Pallagi, Janos"]
[Black "Ilko-Toth, Andras"]
[Result "0-1"]
[WhiteElo "2003"]
[BlackElo "2031"]
[PlyCount "58"]
[GameId "2123715911823129"]
[EventDate "2024.11.03"]
[EventType "team-tourn"]
[EventRounds "11"]
[EventCountry "HUN"]
[Source "chess.hu"]
[WhiteTeam "Fot SE-LearningChess"]
[BlackTeam "TFSE"]
[WhiteTeamCountry "HUN"]
[BlackTeamCountry "HUN"]

1. e4 c6 2. d4 d5 3. f3 Qb6 4. Nc3 dxe4 5. fxe4 e5 6. Nf3 exd4 7. Nxd4 Nf6 8. Qd3 Bc5 9. Be3 Ng4 10. Bg1 Qxb2 11. Rd1 O-O 12. h3 Nf6 13. Rb1 Qa3 14. Rb3 Qc1+ 15. Nd1 Qf4 16. Nc3 Re8 17. Nde2 Qd6 18. Bxc5 Qxc5 19. Ng3 Na6 20. a3 Qe5 21. Qe3 Nc5 22. Rb4 h5 23. h4 a5 24. Rc4 Ng4 25. Qxc5 Qxg3+ 26. Kd2 Qf4+ 27. Ke1 Rd8 28. Bd3 Qg3+ 29. Kd2 Qxg2+ 0-1

[Event "NB2 Erkel csoport"]
[Site "Fot"]
[Date "2024.12.15"]
[Round "4.5"]
[White "Adorjan, Attila"]
[Black "Mester, Attila"]
[Result "1/2-1/2"]
[WhiteElo "1960"]
[BlackElo "1985"]
[PlyCount "59"]
[GameId "2123715947417385"]
[EventDate "2024.11.03"]
[EventType "team-tourn"]
[EventRounds "11"]
[EventCountry "HUN"]
[Source "chess.hu"]
[WhiteTeam "TFSE"]
[BlackTeam "Fot SE-LearningChess"]
[WhiteTeamCountry "HUN"]
[BlackTeamCountry "HUN"]

1. e4 c5 2. Nc3 a6 3. g3 b5 4. Bg2 Bb7 5. d3 e6 6. Nge2 Nf6 7. O-O d6 8. Be3 Nbd7 9. f4 Qc7 10. h3 b4 11. Nb1 d5 12. Nd2 dxe4 13. dxe4 Nb6 14. g4 Rd8 15. Qe1 h5 16. g5 Nfd7 17. h4 c4 18. Qf2 c3 19. bxc3 bxc3 20. Nb1 Na4 21. Bd4 Bb4 22. Qf3 Bc5 23. Qe3 O-O 24. Bxc5 Qxc5 25. Qxc5 Ndxc5 26. Nbxc3 Nxc3 27. Nxc3 Rd2 28. Rf2 Rfd8 29. Re1 R8d4 30. Kf1 1/2-1/2

[Event "NB2 Erkel csoport"]
[Site "Fot"]
[Date "2024.12.15"]
[Round "4.6"]
[White "Nadassy, Attila"]
[Black "Gabula, Adam"]
[Result "1-0"]
[WhiteElo "1943"]
[BlackElo "2053"]
[PlyCount "111"]
[GameId "2123715979865913"]
[EventDate "2024.11.03"]
[EventType "team-tourn"]
[EventRounds "11"]
[EventCountry "HUN"]
[Source "chess.hu"]
[WhiteTeam "Fot SE-LearningChess"]
[BlackTeam "TFSE"]
[WhiteTeamCountry "HUN"]
[BlackTeamCountry "HUN"]

1. Nf3 d5 2. c3 c5 3. d4 e6 4. Bf4 Qb6 5. Qb3 c4 6. Qc2 Bd6 7. Bxd6 Qxd6 8. b3 b5 9. Nbd2 Bd7 10. e4 Ne7 11. Be2 O-O 12. e5 Qc7 13. Ng5 g6 14. h4 h6 15. Nh3 Rc8 16. Rc1 Nbc6 17. h5 g5 18. O-O Nf5 19. g4 cxb3 20. Qxb3 Ng7 21. f4 gxf4 22. Rxf4 Na5 23. Qb1 b4 24. Qxb4 Rab8 25. Qe7 Bb5 26. Qxc7 Rxc7 27. Bxb5 Rxb5 28. Rc2 Nc4 29. Nxc4 Rxc4 30. Rf6 Ne8 31. Rf3 Ng7 32. Kg2 Ra4 33. Nf4 Rba5 34. Rff2 Rc4 35. Ne2 Ne8 36. Rb2 Nc7 37. Rf3 Ra3 38. Kg3 a6 39. Kh4 Nb5 40. Rc2 Nxd4 41. Nxd4 Rxd4 42. Rcf2 Rc4 43. Rxf7 Rc8 44. R7f6 Raxc3 45. Rg6+ Kh8 46. Rxh6+ Kg8 47. Rxe6 Rd8 48. Rxa6 d4 49. Rg6+ Kh8 50. Rd6 Re8 51. Rxd4 Rxe5 52. Rd8+ Kg7 53. Rd7+ Kg8 54. h6 Rc8 55. g5 Kh8 56. Rff7 1-0

[Event "NB2 Erkel csoport"]
[Site "Fot"]
[Date "2024.12.15"]
[Round "4.7"]
[White "Suto, Gabor"]
[Black "Vrona, Mihail"]
[Result "1-0"]
[WhiteElo "2091"]
[BlackElo "1908"]
[PlyCount "89"]
[GameId "2123716012457801"]
[EventDate "2024.11.03"]
[EventType "team-tourn"]
[EventRounds "11"]
[EventCountry "HUN"]
[Source "chess.hu"]
[WhiteTeam "TFSE"]
[BlackTeam "Fot SE-LearningChess"]
[WhiteTeamCountry "HUN"]
[BlackTeamCountry "HUN"]

1. d4 Nf6 2. Bg5 h6 3. Bxf6 exf6 4. e3 d5 5. c4 c6 6. Nc3 Bb4 7. Qb3 Ba5 8. Nge2 O-O 9. Nf4 dxc4 10. Bxc4 Qc7 11. O-O Bf5 12. Bd3 Bxd3 13. Nxd3 Nd7 14. Rac1 Bb6 15. Qa3 Qb8 16. b4 Bc7 17. g3 Bd6 18. Qb3 a6 19. Rc2 Qe8 20. Nc5 b6 21. N5e4 Qe7 22. Nxd6 Qxd6 23. Ne4 Qe7 24. Qd3 Rfe8 25. Nd2 Rec8 26. Rfc1 Qxb4 27. Rxc6 Rxc6 28. Rxc6 Qa4 29. Rc7 Nf8 30. Nc4 Qb4 31. Qe4 Rb8 32. a3 Qe1+ 33. Kg2 Ne6 34. Ra7 Qe2 35. Ra8 Rxa8 36. Qxa8+ Kh7 37. Nxb6 h5 38. Qe4+ Kh6 39. h4 Qb5 40. Nd5 Qa5 41. Nf4 f5 42. Qc6 Qb5 43. Qd6 Qb7+ 44. d5 g6 45. Nxe6 1-0

[Event "NB2 Erkel csoport"]
[Site "Fot"]
[Date "2024.12.15"]
[Round "4.8"]
[White "Illes, Attila"]
[Black "Janosi, Bence"]
[Result "0-1"]
[WhiteElo "1887"]
[BlackElo "1998"]
[PlyCount "54"]
[GameId "2123716044627801"]
[EventDate "2024.11.03"]
[EventType "team-tourn"]
[EventRounds "11"]
[EventCountry "HUN"]
[Source "chess.hu"]
[WhiteTeam "Fot SE-LearningChess"]
[BlackTeam "TFSE"]
[WhiteTeamCountry "HUN"]
[BlackTeamCountry "HUN"]

1. e4 e6 2. Nf3 d5 3. exd5 exd5 4. d4 Nc6 5. c3 Bg4 6. Be2 Bd6 7. Qb3 Nge7 8. Qxb7 O-O 9. O-O Qd7 10. Nbd2 Rab8 11. Qa6 Ng6 12. g3 Rb6 13. Qa4 Qf5 14. Qd1 h5 15. Re1 Rbb8 16. Nf1 Qd7 17. Ne3 Nce7 18. Nxg4 hxg4 19. Ng5 f5 20. b3 Rbe8 21. Kg2 Nc8 22. h3 gxh3+ 23. Nxh3 f4 24. Qd3 Rxe2 25. Qxg6 f3+ 26. Kh2 Rxe1 27. Ng5 Qf5 0-1

[Event "NB2 Erkel csoport"]
[Site "Fot"]
[Date "2024.12.15"]
[Round "4.9"]
[White "Guber, Peter"]
[Black "Schmelowszky, David"]
[Result "1/2-1/2"]
[WhiteElo "1921"]
[BlackElo "1901"]
[PlyCount "84"]
[GameId "2123716075261801"]
[EventDate "2024.11.03"]
[EventType "team-tourn"]
[EventRounds "11"]
[EventCountry "HUN"]
[Source "chess.hu"]
[WhiteTeam "TFSE"]
[BlackTeam "Fot SE-LearningChess"]
[WhiteTeamCountry "HUN"]
[BlackTeamCountry "HUN"]

1. e4 c5 2. Nf3 Nc6 3. d4 cxd4 4. Nxd4 Nf6 5. Nc3 e5 6. Ndb5 d6 7. Bg5 a6 8. Na3 b5 9. Nd5 Be7 10. Nxe7 Qxe7 11. c4 b4 12. Nc2 a5 13. Ne3 Be6 14. Bxf6 gxf6 15. Bd3 Nd4 16. O-O h5 17. f4 Qa7 18. Qd2 Bd7 19. Kh1 Bc6 20. Rae1 Qe7 21. Qf2 Ra7 22. Qh4 f5 23. Qxe7+ Rxe7 24. Nxf5 Nxf5 25. exf5 Rg8 26. Be4 Bxe4 27. Rxe4 exf4 28. Rfxf4 Rg4 29. Rxe7+ Kxe7 30. Rxg4 hxg4 31. Kg1 Kf6 32. Kf2 Kxf5 33. Ke3 Ke5 34. h4 gxh3 35. gxh3 Kf5 36. Kf3 Kg5 37. Kg3 a4 38. b3 a3 39. h4+ Kh6 40. Kg4 Kg6 41. Kh3 Kh6 42. Kg4 Kg6 1/2-1/2

[Event "NB2 Erkel csoport"]
[Site "Fot"]
[Date "2024.12.15"]
[Round "4.10"]
[White "Saar, Patrik"]
[Black "Csalami, Gabor"]
[Result "1-0"]
[WhiteElo "1966"]
[BlackElo "1972"]
[PlyCount "105"]
[GameId "2123716110167929"]
[EventDate "2024.11.03"]
[EventType "team-tourn"]
[EventRounds "11"]
[EventCountry "HUN"]
[Source "chess.hu"]
[WhiteTeam "Fot SE-LearningChess"]
[BlackTeam "TFSE"]
[WhiteTeamCountry "HUN"]
[BlackTeamCountry "HUN"]

1. e4 c5 2. Nf3 d6 3. b4 cxb4 4. d4 Nf6 5. Nbd2 a6 6. Bc4 e6 7. e5 dxe5 8. dxe5 Nd5 9. Ne4 h6 10. Bb2 Nc6 11. O-O Nb6 12. Bd3 Be7 13. Qe2 O-O 14. Nf6+ Kh8 15. Qe4 g6 16. Bc1 Bxf6 17. exf6 Qd5 18. Qh4 h5 19. Bh6 Rg8 20. Qf4 Nd7 21. Be4 Qc5 22. Bxc6 e5 23. Qg5 bxc6 24. Rfe1 Qd6 25. Bg7+ Rxg7 26. fxg7+ Kxg7 27. Nxe5 Nxe5 28. Qxe5+ Qxe5 29. Rxe5 Be6 30. a3 bxa3 31. Rxa3 Rb8 32. h3 Rb1+ 33. Kh2 Bc4 34. Rc5 Bd5 35. Rxa6 Rb2 36. Ra1 Kf6 37. Re1 Rb4 38. Rc1 Rb2 39. Kg1 Rb6 40. c4 Be6 41. Ra5 Ke7 42. Ra7+ Kf6 43. Rc7 Ke5 44. c5 Ra6 45. Rd1 f5 46. f3 Bd5 47. Re7+ Kf4 48. Kf2 Ra2+ 49. Re2 Rxe2+ 50. Kxe2 Bc4+ 51. Kf2 Bd5 52. Rxd5 cxd5 53. c6 1-0

[Event "NB2 Erkel csoport"]
[Site "Fot"]
[Date "2024.12.15"]
[Round "4.11"]
[White "Hangyal, Anna"]
[Black "Rozsa, Sandor"]
[Result "1-0"]
[WhiteElo "1928"]
[BlackElo "1870"]
[PlyCount "59"]
[GameId "2123716140445577"]
[EventDate "2024.11.03"]
[EventType "team-tourn"]
[EventRounds "11"]
[EventCountry "HUN"]
[Source "chess.hu"]
[WhiteTeam "TFSE"]
[BlackTeam "Fot SE-LearningChess"]
[WhiteTeamCountry "HUN"]
[BlackTeamCountry "HUN"]

1. e4 e5 2. Nf3 Nf6 3. Nxe5 d6 4. Nf3 Nxe4 5. d4 d5 6. Bd3 Nc6 7. Nbd2 f5 8. Qe2 Be7 9. Bb5 Bd7 10. c4 Nb4 11. O-O c6 12. Ba4 O-O 13. a3 Na6 14. Bb3 Be6 15. Ne5 Bf6 16. Ndf3 Nc7 17. c5 Qe8 18. Nd3 g5 19. a4 Qh5 20. Bd1 Rae8 21. Qc2 g4 22. Nfe5 Bg5 23. h3 Qh4 24. Ra3 Bc8 25. Nf4 Ne6 26. Nxe6 Rxe6 27. hxg4 fxg4 28. Nxg4 Bxc1 29. Qxc1 Ng3 30. Rxg3 1-0

[Event "NB2 Erkel csoport"]
[Site "Szada"]
[Date "2024.12.15"]
[Round "4.1"]
[White "Egyed, Andras"]
[Black "Nagyajtai, Gabor"]
[Result "1/2-1/2"]
[WhiteElo "2191"]
[BlackElo "2099"]
[PlyCount "74"]
[GameId "2123490661588038"]
[EventDate "2024.11.03"]
[EventType "team-tourn"]
[EventRounds "11"]
[EventCountry "HUN"]
[Source "chess.hu"]
[WhiteTeam "Kekesi SE II"]
[BlackTeam "Godolloi SBE"]
[WhiteTeamCountry "HUN"]
[BlackTeamCountry "HUN"]

1. d4 d5 2. c4 c6 3. Qc2 dxc4 4. Qxc4 Nf6 5. Nf3 Bf5 6. Nbd2 h6 7. e3 e6 8. Be2 Nbd7 9. O-O Bd6 10. Qb3 b5 11. Bd3 Bxd3 12. Qxd3 O-O 13. b3 Re8 14. Bb2 e5 15. dxe5 Nxe5 16. Bxe5 Bxe5 17. Qxd8 Raxd8 18. Rac1 Rc8 19. Nxe5 Rxe5 20. Nf3 Re7 21. Nd4 Rec7 22. b4 Nd5 23. a3 Nb6 24. Rc2 Nc4 25. a4 a6 26. Rfc1 g6 27. Kf1 Kf8 28. Ra1 Ke7 29. Ke2 Kd8 30. Nb3 Nb6 31. Nc5 Nxa4 32. Nxa4 bxa4 33. Rxa4 Ra7 34. Rca2 Rca8 35. Kd3 Kc7 36. Kc4 Kb6 37. Rd2 Re8 1/2-1/2

[Event "NB2 Erkel csoport"]
[Site "Szada"]
[Date "2024.12.15"]
[Round "4.2"]
[White "Kozma, Gabor"]
[Black "Mede, Istvan"]
[Result "1/2-1/2"]
[WhiteElo "2064"]
[BlackElo "2150"]
[PlyCount "61"]
[GameId "2123490723888214"]
[EventDate "2024.11.03"]
[EventType "team-tourn"]
[EventRounds "11"]
[EventCountry "HUN"]
[Source "chess.hu"]
[WhiteTeam "Godolloi SBE"]
[BlackTeam "Kekesi SE II"]
[WhiteTeamCountry "HUN"]
[BlackTeamCountry "HUN"]

1. e4 c6 2. d4 d5 3. exd5 cxd5 4. c4 Nf6 5. Nc3 Nc6 6. Nf3 a6 7. Bg5 Be6 8. cxd5 Nxd5 9. Be2 g6 10. O-O Bg7 11. Qd2 O-O 12. Rfd1 Qa5 13. Rac1 Nxc3 14. bxc3 Rfd8 15. Be3 b5 16. c4 bxc4 17. Bxc4 Bxc4 18. Rxc4 Qxd2 19. Rxd2 Rab8 20. g3 Rb1+ 21. Kg2 Nb4 22. Rc7 Nd5 23. Ra7 Rb6 24. Rc2 h6 25. Bd2 Rdb8 26. Rc5 e6 27. Ra5 Rb2 28. R5xa6 Bxd4 29. Ra8 Rxa8 30. Rxa8+ Kh7 31. Nxd4 1/2-1/2

[Event "NB2 Erkel csoport"]
[Site "Szada"]
[Date "2024.12.15"]
[Round "4.3"]
[White "Gorcsi, Gabor"]
[Black "Sillye, Kalman"]
[Result "1-0"]
[WhiteElo "2183"]
[BlackElo "2002"]
[PlyCount "133"]
[GameId "2123490766847078"]
[EventDate "2024.11.03"]
[EventType "team-tourn"]
[EventRounds "11"]
[EventCountry "HUN"]
[Source "chess.hu"]
[WhiteTeam "Kekesi SE II"]
[BlackTeam "Godolloi SBE"]
[WhiteTeamCountry "HUN"]
[BlackTeamCountry "HUN"]

1. d4 Nf6 2. c4 e5 3. dxe5 Ng4 4. Nf3 Bc5 5. e3 Nc6 6. Be2 O-O 7. O-O Re8 8. b3 Ngxe5 9. Nxe5 Nxe5 10. Bb2 a5 11. Nd2 Ra6 12. Nf3 Nxf3+ 13. Bxf3 Rh6 14. g3 d6 15. a3 Bh3 16. Re1 Qc8 17. Qd5 c6 18. Qg5 Rg6 19. Qf4 Qf5 20. Qxf5 Bxf5 21. Bc3 Bb6 22. Ra2 Rge6 23. Kg2 Be4 24. Rd2 Bc7 25. Red1 f5 26. h4 Kf7 27. a4 g6 28. Bb2 Rd8 29. Ba3 Bxf3+ 30. Kxf3 h6 31. Rd4 Kf6 32. e4 fxe4+ 33. Rxe4 Rxe4 34. Kxe4 Re8+ 35. Kf3 Re6 36. g4 Ke7 37. Bc1 h5 38. gxh5 gxh5 39. Rg1 Rf6+ 40. Ke2 Ke6 41. Be3 d5 42. cxd5+ cxd5 43. Kd3 Be5 44. Rg8 d4 45. Re8+ Kd6 46. f4 Bxf4 47. Bxd4 Rh6 48. Bb6 Kd7 49. Rd8+ Ke7 50. Bxa5 Ra6 51. Rd5 Rh6 52. Bd2 Bxd2 53. Kxd2 Ke6 54. Rb5 Rh7 55. Kd3 Kd6 56. Ke4 Kc6 57. Kf5 Rh8 58. Kg6 Rg8+ 59. Kxh5 Rg3 60. Kh6 b6 61. h5 Kc7 62. Kh7 Kc6 63. h6 Kc7 64. Kh8 Kc6 65. h7 Kc7 66. Rf5 Kb7 67. Rf7+ 1-0

[Event "NB2 Erkel csoport"]
[Site "Szada"]
[Date "2024.12.15"]
[Round "4.4"]
[White "Nagy, Daniel"]
[Black "Toth, Daniel"]
[Result "0-1"]
[WhiteElo "1925"]
[BlackElo "2135"]
[PlyCount "26"]
[GameId "2123490814786680"]
[EventDate "2024.11.03"]
[EventType "team-tourn"]
[EventRounds "11"]
[EventCountry "HUN"]
[Source "chess.hu"]
[WhiteTeam "Godolloi SBE"]
[BlackTeam "Kekesi SE II"]
[WhiteTeamCountry "HUN"]
[BlackTeamCountry "HUN"]

1. Nf3 d5 2. g3 Nf6 3. Bg2 g6 4. c4 c6 5. d4 Bg7 6. O-O O-O 7. Ne5 Ng4 8. Nxg4 Bxg4 9. cxd5 cxd5 10. Qb3 Bxe2 11. Re1 Ba6 12. Bxd5 Nc6 13. Be3 Na5 0-1

[Event "NB2 Erkel csoport"]
[Site "Szada"]
[Date "2024.12.15"]
[Round "4.5"]
[White "Harmatosi, Jozsef"]
[Black "Csaji, Attila"]
[Result "1-0"]
[WhiteElo "2061"]
[BlackElo "1930"]
[PlyCount "65"]
[GameId "2123490890574987"]
[EventDate "2024.11.03"]
[EventType "team-tourn"]
[EventRounds "11"]
[EventCountry "HUN"]
[Source "chess.hu"]
[WhiteTeam "Kekesi SE II"]
[BlackTeam "Godolloi SBE"]
[WhiteTeamCountry "HUN"]
[BlackTeamCountry "HUN"]

1. Nf3 Nf6 2. d4 e6 3. e3 b6 4. Bd3 Bb7 5. Nbd2 c5 6. O-O d5 7. c3 Nbd7 8. Ne5 Nxe5 9. dxe5 Nd7 10. f4 c4 11. Bc2 Bc5 12. Nf3 b5 13. Nd4 Qb6 14. Bd2 a5 15. Be1 h5 16. Bh4 Be7 17. Qe1 f6 18. Bg6+ Kd8 19. Bf7 Nf8 20. Qg3 g6 21. exf6 Bc5 22. Bxg6 Kd7 23. Bc2 Kc7 24. Qg7+ Nd7 25. f7 Raf8 26. f5 Bxd4 27. exd4 e5 28. Bg3 Kc8 29. Bxe5 Nxe5 30. Qxe5 Rh7 31. Qe6+ Qxe6 32. fxe6 Kd8 33. Bxh7 1-0